|
|
|
|
| LEADER |
00868nam a2200229 a 4500 |
| 001 |
4586492 |
| 008 |
091230s1975 sz a bs i000 0 eng d |
| 010 |
|
|
|a 75332312
|
| 020 |
|
|
|a 9221012301
|
| 040 |
|
|
|a DLC
|c DLC
|d DLC
|d BD-DhAAL
|
| 082 |
0 |
0 |
|a 334/.01/82
|
| 100 |
1 |
|
|a Pickett, Liam E.
|
| 245 |
1 |
4 |
|a The use of statistics :
|b a handbook for co-operatives /
|c Liam E. Pickett.
|
| 260 |
|
|
|a Geneva :
|b International Labour Office,
|c 1975.
|
| 300 |
|
|
|a xi, 203 p. :
|b ill. ;
|c 24 cm.
|
| 504 |
|
|
|a Includes bibliographical references.
|
| 541 |
1 |
|
|e 00002087
|
| 650 |
|
0 |
|a Cooperative societies
|x Statistical methods.
|
| 650 |
|
0 |
|a Statistics.
|
| 852 |
4 |
|
|a Ayesha Abed Library
|j General shelf
|
| 999 |
|
|
|c 6528
|d 6528
|
| 952 |
|
|
|0 0
|1 0
|2 ddc
|4 0
|6 334_018200000000000_PIC_1965
|7 0
|9 6624
|a BRACUL
|b BRACUL
|c GEN
|d 2009-12-30
|g 2170.00
|l 0
|o 334.0182 PIC
|p 3010002087
|r 2009-12-30
|t 1
|w 2009-12-30
|y BK
|